000 00548cam a2200193 4500500
005 20260329003211.0
041 _afre
042 _adc
100 1 0 _aN’Diaye, Aïda
_eauthor
245 0 0 _aLe parler de soi
260 _c2015.
500 _a75
690 _aEgo
690 _aMoi
690 _aVincent Descombes
690 _aWittgenstein
786 0 _nPhilosophie magazine | 86 | 2 | 2015-02-01 | p. 73-74 | 1951-1787
856 4 1 _uhttps://shs.cairn.info/magazine-philosophie-magazine-2015-2-page-73?lang=fr&redirect-ssocas=7080
999 _c1822321
_d1822321